Zhodnocovanie odpadových plastov katalytickou depolymerizáciou

Guardado en:
Detalles Bibliográficos
Autor principal: Doktor, Adam, 1990- (Autor)
Otros Autores: Soldán, Maroš, 1969- (Orientador)
Formato: Manuscrito Libro
Lenguaje:eslovaco
Publicado: 2015
Materias:
Acceso en línea:http://is.stuba.sk/zp/portal_zp.pl?podrobnosti=110865
Etiquetas: Agregar Etiqueta
Sin Etiquetas, Sea el primero en etiquetar este registro!

MARC

LEADER 00000ntm a22000003a 4500
001 stuzp51658
003 SK-STU
005 20160719153928.2
007 ta
008 150427s2015----xo-----f-mn---000-0-slo-d
040 |a STU  |b slo 
041 0 |a slo 
100 1 |a Doktor, Adam,  |d 1990-  |u 065000  |4 aut  |U MTF Materiálovotechnologická fakulta  |T MTF Ústav bezpečnosti, environmentu a kvality  |X 66845  |U M5000  |Y 85  |7 A000066845 
242 0 1 |a The recovery of waste plastics Catalytic depolymerization.  |y eng 
245 1 0 |a Zhodnocovanie odpadových plastov katalytickou depolymerizáciou 
260 |c 2015 
650 4 |a PEC 1000  |2 slo 
650 4 |a termické krakovanie  |2 slo 
650 4 |a depolymerizácia  |2 slo 
650 4 |a plastový odpad  |2 slo 
650 4 |a PEC 1000  |2 eng 
650 4 |a plastic waste  |2 eng 
650 4 |a thermal cracking  |2 eng 
650 4 |a depolymerization  |2 eng 
700 1 |a Soldán, Maroš,  |d 1969-  |4 ths  |X 2878  |7 A000002878 
856 4 |u http://is.stuba.sk/zp/portal_zp.pl?podrobnosti=110865 
996 |c M* DP-12467  |l MMSKP  |s P  |a 0  |w stuzp51658_0001 
SQL |a stuzp51658  |b DDP  |c SLO  |d Zhodnocovanie odpadových plastov katalytickou depolymerizáciou  |e 66845  |f Doktor, Adam  |g 065000  |h 2878  |i Soldán, Maroš  |j 20150604  |k 670  |l 06  |m http://is.stuba.sk/zp/portal_zp.pl?podrobnosti=110865  |n I-IBE  |o 8.3.5. bezpečnosť a ochrana zdravia pri práci